000 02454nam a22003497a 4500
001 101275
003 KnowledgeUnlatched
005 20210303105153.0
006 m o d
007 cr u||||||||||
008 210129p20112019xxk o u00| u eng d
037 _5BiblioBoard
245 0 0 _aRace, Ethnicity and Nuclear War
_bRepresentations of Nuclear Weapons and Post-Apocalyptic Worlds /
_cPaul Williams.
020 _a9781846317088
029 1 _ahttps://library.biblioboard.com/ext/api/media/adcc6053-8d57-41ba-9354-1831e7cc8bdd/assets/thumbnail.jpg
040 _aScCtBLL
_cScCtBLL
100 1 _aWilliams, Paul
_eauthor.
264 1 _bLiverpool University Press,
300 _a1 online resource (289 p.)
506 0 _aAccess copy available to the general public.
_fUnrestricted
_2star
520 _aRanging across novels and poetry, critical theory and film, comics and speeches, Race, Ethnicity and Nuclear War: Representations of Nuclear Weapons and Post-Apocalyptic Worlds explores how writers, thinkers, and filmmakers have answered the following question: are nuclear weapons ‘white'? Race, Ethnicity and Nuclear War listens to voices from around the Anglophone world and the debates followed do not only take place on the soil of the nuclear powers. Filmmakers and writers from the Caribbean, Australia, and India take up positions shaped by their specific place in the decolonizing world and their particular experience of nuclear weapons. The texts considered in Race, Ethnicity and Nuclear War encompass the many guises of representations of nuclear weapons. New thoughts are offered on the major texts that SF scholars often return to, such as Philip Wylie's Tomorrow! and Pat Frank's Alas Babylon, and a host of little known and under-researched texts are scrutinized too.
588 0 _aDescription based on print version record.
590 _aKU Select 2017: Backlist Collection
650 7 _aLiterary Criticism
_2bisacsh
650 0 _aLiterature
_xHistory and criticism
655 0 _aElectronic books.
758 _iIs found in:
_aKnowledge Unlatched
_1https://openresearchlibrary.org/module/2774bc74-146a-484f-a7ba-ab1d6a09bbfb
856 4 0 _uhttps://openresearchlibrary.org/content/adcc6053-8d57-41ba-9354-1831e7cc8bdd
_zView this content on Open Research Library.
_70
999 _c25955
_d25955